Name Dropping #39: Best Actress Oscars (1991-2000) - Statistics

General Stats
  • This quiz has been taken 38 times
  • The average score is 18 of 20
Answer Stats
Hint Extra Hint Answer % Correct
Jodie BA, 1991, The Silence of the Lambs Foster
97%
Angelina BSA, 1999, Girl, Interrupted Jolie
97%
Gwyneth BA, 1998, Shakespeare in Love Paltrow
97%
Julia BA, 2000, Erin Brockovich Roberts
97%
Judi BSA, 1998, Shakespeare in Love Dench
94%
Frances BA, 1996, Fargo McDormand
94%
Kim BSA, 1997, L.A. Confidential Basinger
91%
Helen BA, 1997, As Good as It Gets Hunt
91%
Susan BA, 1995, Dead Man Walking Sarandon
91%
Hilary BA, 1999, Boys Don't Cry Swank
91%
Emma BA, 1992, Howards End Thompson
91%
Marisa BSA, 1992, My Cousin Vinny Tomei
91%
Juliette BSA, 1996, The English Patient Binoche
88%
Anna BSA, 1993, The Piano Paquin
88%
Mira BSA, 1995, Mighty Aphrodite Sorvino
85%
Jessica BA, 1994, Blue Sky Lange
79%
Holly BA, 1993, The Piano Hunter
76%
Marcia Gay BSA, 2000, Pollock Harden
71%
Mercedes BSA, 1991, The Fisher King Ruehl
71%
Dianne BSA, 1994, Bullets Over Broadway Wiest
71%
No matching quizzes found
Score Distribution
Percent of People with Each Score
Percentile by Number Answered
Your Score History
You have not taken this quiz